| 000 | 00435nam a22001697a 4500 | ||
|---|---|---|---|
| 003 | MPLRDC | ||
| 005 | 20220104114401.0 | ||
| 008 | 210129b ||||| |||| 00| 0 eng d | ||
| 082 | _a848.4 LBY-4 c.2 | ||
| 100 | _a胡平、张胜友合著 | ||
| 245 |
_a刘宾雁: 全凭这颗心 _c |
||
| 250 | _a初版 | ||
| 260 |
_a _b百姓文化事业有限公司 _c1989 |
||
| 300 | _b平 | ||
| 650 | _a现代别集 | ||
| 942 |
_cBK _o848.4 LBY-4 c.2 |
||
| 999 |
_c7058 _d7048 |
||